| 000 | 00862cam a22002897a 4500 | ||
|---|---|---|---|
| 003 | CHAP | ||
| 005 | 20220329140644.0 | ||
| 008 | 971013c19781971es a r 00010 spa d | ||
| 010 | _a55450 | ||
| 011 | _a56422 | ||
| 035 | _a60575 | ||
| 040 | _cCHAP | ||
| 082 | 0 | 0 |
_a574.191 _bS25Y |
| 110 | 1 |
_aScientific American _9103326 |
|
| 245 | 1 | 3 | _aLa base molecular de la vida |
| 260 |
_aMadrid : _bBlume, _c1978 (c.1971) |
||
| 300 |
_a433 p. _b: ilus. ; gráfs. |
||
| 590 |
_aBATCH-UPD _b10 _c20130110 _lUCH01 _h1811 |
||
| 590 |
_aBATCH-UPD _b10 _c20130410 _lUCH01 _h1146 |
||
| 590 |
_aBATCH-UPD _b10 _c20130914 _lUCH01 _h0631 |
||
| 590 |
_aCONVERSION _b10 _c20130109 _lUCH01 _h1330 |
||
| 650 | 1 | 4 |
_aBiofísica. _912735 |
| 650 | 1 | 4 |
_aMoléculas. _977443 |
| 901 | _aBK | ||
| 942 | _cLIBRO | ||
| 949 |
_a574.191 S25Y _bBC _cLIBRO _d33724000387346 _eLIBRO _h46772 _i60575 _si _t660.00 |
||
| 999 |
_c55450 _d55450 |
||